Devinez le jeu vidéo #1 - Statistiques

Statistiques générales
  • Ce quiz a été pris 288 fois
  • Le résultat moyen est 10 sur 16
Statistiques - réponses
Par images Réponse % Correct
FIFA 25
97%
Among Us
96%
Mario Kart 8 Deluxe
93%
Les Sims 4
90%
Pokémon Version Noire
85%
League of Legends
72%
Portal 2
72%
Overwatch 1
68%
Super Mario Galaxy 1
64%
Elden Ring
63%
osu!
48%
Terraria
46%
Undertale
45%
Nintendogs
37%
Half-Life 1
20%
Heroes of the Storm
13%
Aucun quiz correspondant
Distribution des résultats
% des personnes avec chaque résultat
Percentile par nombre de réponses
Votre historique - résultats
Vous n’avez pas pris ce quiz